The great sea : a human history of the Mediterranean /
| Autore principale: | |
|---|---|
| Natura: | Libro |
| Lingua: | English |
| Pubblicazione: |
New York ; New York :
Oxford University Press ; Penguin Books,
c2011.
|
| Soggetti: | |
| Classic Catalogue: | View this record in Classic Catalogue |
| LEADER | 03613nam a22003974a 4500 | ||
|---|---|---|---|
| 001 | 28853 | ||
| 003 | BD-DhAAL | ||
| 005 | 20150128121751.0 | ||
| 008 | 150128s2011 nyuabf b 001 0 eng | ||
| 010 | |a 2011015711 | ||
| 015 | |a GBB193835 |2 bnb | ||
| 016 | 7 | |a 015864321 |2 Uk | |
| 020 | |a 9780141977164 | ||
| 020 | |a 9780195323344 (hbk. : alk. paper) | ||
| 020 | |a 0195323343 (hbk. : alk. paper) | ||
| 035 | |a (OCoLC)ocn697264292 | ||
| 040 | |a DLC |c DLC |d YDX |d BTCTA |d YDXCP |d ERASA |d WIQ |d UKMGB |d MIX |d VP@ |d BWX |d HAC |d CDX |d COO |d DLC |d BD-DhAAL | ||
| 041 | |a eng | ||
| 050 | 0 | 0 | |a DE71 |b .A25 2011 |
| 082 | 0 | 0 | |a 909/.09822 |2 22 |
| 100 | 1 | |a Abulafia, David. |9 7442 | |
| 245 | 1 | 4 | |a The great sea : |b a human history of the Mediterranean / |c David Abulafia. |
| 260 | |a New York ; |a New York : |b Oxford University Press ; |b Penguin Books, |c c2011. | ||
| 300 | |a xxxi, 783 p., [32] p. of plates : |b ill., maps ; |c 25 cm. | ||
| 500 | |a "First published in Great Britain in 2011 by Allen Lane"--T.p. verso. | ||
| 504 | |a Includes bibliographical references (p. 649-727) and index. | ||
| 505 | 0 | |a Pt. 1. The first Mediterranean, 22000 BC-1000 BC. Isolation and insulation, 22000 BC-3000 BC -- Copper and bronze, 3000 BC-1500 BC -- Merchants and heroes, 1500 BC-1250 BC -- Sea peoples and land peoples, 1250 BC-1100 BC -- Pt. 2. The second Mediterranean, 1000 BC-AD 600. The purple traders, 1000 BC-700 BC -- The heirs of Odysseus, 800 BC-550 BC -- The triumph of the Tyrrhenians, 800 BC-400 BC -- Towards the garden of the Hesperides, 1000 BC-400 BC -- Thalassocracies, 550 BC-400 BC -- The lighthouse of the Mediterranean, 350 BC-100 BC -- 'Carthage must be destroyed,' 400 BC-146 BC -- 'Our sea,' 146 BC-AD 150 -- Old and new faiths, AD 1-450 -- Dis-integration, 400-600 -- Pt. 3. The third Mediterranean, 600-1350. Mediterranean troughs, 600-900 -- Crossing the boundaries between Christendom and Islam, 900-1050 -- The great sea-change, 1000-1100 -- 'The profit that God shall give,' 1100-1200 -- Ways across the sea, 1160-1185 -- The fall and rise of empires, 1130-1260 -- Merchants, mercenaries and missionaries, 1220-1300 -- Serrata--closing, 1291-1350 -- Pt. 4. The fourth Mediterranean, 1350-1830. Would-be Roman emperors, 1350-1480 -- Transformations in the West, 1391-1500 -- Holy leagues and unholy alliances, 1500-1550 -- Akdeniz--the battle for the White Sea, 1550-1571 -- Interlopers in the Mediterranean, 1571-1650 -- Diasporas in despair, 1560-1700 -- Encouragement to others, 1650-1780 -- The view through the Russian prism, 1760-1805 -- Deys, beys, and bashaws, 1800-1830 -- Pt. 5. The fifth Mediterranean, 1830-2010. Ever the twain shall meet, 1830-1900 -- The Greek and the unGreek, 1830-1920 -- Ottoman exit, 1900-1918 -- A tale of four and a half cities, 1900-1950 -- Mare nostrum--again, 1918-1945 -- A fragmented Mediterranean, 1945-1990 -- The last Mediterranean, 1950-2010 -- Conclusion : Crossing the sea. | |
| 541 | |e 28853 | ||
| 650 | 0 | |a Intercultural communication |z Mediterranean Region |x History. |9 7584 | |
| 651 | 0 | |a Mediterranean Region |x Civilization. |9 7585 | |
| 651 | 0 | |a Mediterranean Region |x History. |9 7586 | |
| 651 | 0 | |a Mediterranean Sea |x History. |9 7587 | |
| 942 | |2 ddc |c BK | ||
| 999 | |c 33524 |d 33524 | ||
| 952 | |0 0 |1 0 |2 ddc |4 0 |6 909_098220000000000_ABU |7 0 |9 52367 |a BRACUL |b BRACUL |c GEN |d 2015-01-28 |e Riza Enterprise |g 1240.00 |l 2 |m 11 |o 909.09822 ABU |p 3010028853 |r 2024-12-08 |s 2024-09-03 |t 1 |w 2015-01-28 |y BK | ||
| 952 | |0 0 |1 0 |2 ddc |4 0 |6 909_098220000000000_ABU |7 0 |9 52368 |a BRACUL |b BRACUL |c GEN |d 2015-01-28 |e Riza Enterprise |g 1240.00 |l 4 |m 9 |o 909.09822 ABU |p 3010028854 |r 2025-05-20 |s 2025-04-13 |t 2 |w 2015-01-28 |y BK | ||